| 000 | 00490nam a22001937a 4500 | ||
|---|---|---|---|
| 003 | CEME | ||
| 005 | 20210628203046.0 | ||
| 008 | 210120b xxu||||| |||| 00| 0 eng d | ||
| 020 | _a0-387-95467-8 | ||
| 040 | _c. | ||
| 082 | _a620.25 BRE | ||
| 100 |
_aBrekhovskikh, L.M, Lysanov, Yu.P _963081 |
||
| 245 | _aFundamentals of ocean acoustics | ||
| 250 | _a3RD | ||
| 260 |
_aNEW YORK _bSPRINGER _c2003 |
||
| 300 | _aXIV,278P | ||
| 650 |
_aUNDERWATER ACOUSTICS. _963082 |
||
| 942 |
_cBK _2ddc |
||
| 999 |
_c572018 _d572018 |
||